000 01183nam a2200289 a 4500
001 000017133
005 20240412074245.0
008 100318t2006 dr a 001 p spa d
020 _a9993442569
040 _aDO-SdBNP
_bspa
_cBNPHU
082 _aRD861.4
_bW373s
100 1 _aWeber, Delia,
_d1900-1982
_924257
245 1 0 _aSelección /
_cDelia Weber ; ilustración Br. Marten Santelises ; presentación Alejandro Arvelo ; prólogo Avelino Stanley.
260 _aSanto Domingo :
_bDirección General de la Feria del Libro,
_c2006.
300 _a55 p. :
_bil. ;
_c23 cm.
490 1 _aEdiciones Ferilibro
_v100
500 _aEdición facsimilar a partir de textos manuscritos y veñeteados por el pendolista Br. Marten Santelises.
500 _aIncluye datos biográficos de la autora en la solapa de la cubierta.
590 _aInventariado, 2018/VM
650 0 _aPoesía dominicana
_966
650 0 _aLiteratura dominicana.
_967
700 1 _aSantelises, Br. Marten,
_eil.
_937734
700 1 _aArvelo, Alejandro
_d1959-,
_925165
700 1 _aStanley, Avelino,
_d1959-
_epról.
_91536
830 0 _aEdiciones Ferilibro
_v100
_9150
910 _aValidado. Control de calidad EMS.
999 _c16659
_d16659